000 00462nam a22001697a 4500
005 20251108172854.0
008 250721s2004 xx 000 0 ara d
082 1 4 _a411.7/بهن
100 1 _aالبهنسي، عفيف
245 1 0 _aعلم الخط و الرسوم /
264 1 _aدمشق :
_bدار الشرق للنشر،
_c2004.
300 _a250ص.
650 1 7 _aالخط العربي
650 1 7 _aالرسوم
942 _2ddc
_cBK
999 _c90582
_d90582